000 00818nmm a2200277 a 4500
001 ocm000576582
003 TR-IsHL
005 20201028122741.0
008 110704s2008 tu tur
007 cr cn
020 _a9789758606702
035 _a576582
_b(N$T)
050 0 4 _aPL248.P35
_bS5 2008
090 0 4 _aPL248.P35
_bS5 2008
100 1 _aPala, Şafak
245 1 0 _aSızı
_h[electronic resource] /
_cŞafak Pala
250 _a1. bs.
260 _aBursa :
_bEzgi Kitabevi,
_c2008
300 _a108 p.
650 4 _aDil ve Edebiyat
650 4 _aLanguage and Literature
650 0 _aTürk romanı
650 0 _aTurkish fiction
650 7 _aLITERARY COLLECTIONS / Middle Eastern
_2bisacsh
856 4 0 _uhttp://search.ebscohost.com/login.aspx?direct=true&scope=site&db=e011xww&AN=576582
999 _c2037
_d2037